Normal view
MARC view
- Muhammad Akram Chughtai
Entry Personal Name
001 - CONTROL NUMBER
- control field: 68587
003 - CONTROL NUMBER IDENTIFIER
- control field: NUST
005 - DATE AND TIME OF LATEST TRANSACTION
- control field: 20210628204054.0
008 - FIXED-LENGTH DATA ELEMENTS
- fixed length control field: 210628|| aca||aabn | a|a d
040 ## - CATALOGING SOURCE
- Original cataloging agency: NUST
- Transcribing agency: NUST
100 ## - HEADING--PERSONAL NAME
- Personal name: Muhammad Akram Chughtai
670 ## - SOURCE DATA FOUND
- Source citation: Work cat.: (NUST): Muhammad Akram Chughtai, Majmua syed jamal-ud-din afghani, 2006
